000 00721nam a22002297a 4500
008 151130b xxu||||| |||| 00| 0 eng d
020 _a9781133593690
082 _22015
_aDC 006.37
_bSm1
100 _9709
_aSonka, Milan
245 _aImage processing, analysis, and machine vision/
_cMilan Sonka.
250 _aFourth Edition
260 _aUSA:
_bCengage Learning,
_cc2015.
300 _axxxv, 886 pages:
_bcolor illustrations;
_c23cm
500 _aIncludes references and index
650 0 _95937
_aImage processing
650 0 _95938
_aComputer vision
650 0 _95939
_aImage analysis
700 _9710
_aVaclac Hlavac
_eauthor
700 _9711
_aRoger Boyle
_eauthor
365 _b9,995.00
_cPhp
942 _2ddc
_cDC
999 _c302
_d302